Statistics for MLB Baseball Team Hits Leaders

Click here to take the quiz!

General Stats

  • This quiz has been taken 11,721 times
    (5,735 since last reset)
  • The average score is 15 of 30

Answer Stats

HitsTeamPlayer% Correct
3,465YankeesDerek Jeter
88%
3,600BravesHank Aaron
87%
3,358RedsPete Rose
87%
3,900TigersTy Cobb
85%
3,184OriolesCal Ripken
82%
3,141PadresTony Gwynn
80%
3,154RoyalsGeorge Brett
78%
3,630CardinalsStan Musial
78%
3,187GiantsWillie Mays
77%
3,000PiratesRoberto Clemente
74%
3,060AstrosCraig Biggio
70%
3,142BrewersRobin Yount
67%
3,419Red SoxCarl Yastrzemski
64%
2,542MarinersIchiro Suzuki
63%
2,519RockiesTodd Helton
59%
1,846NationalsRyan Zimmerman
49%
1,337DiamondbacksLuis Gonzalez
44%
1,777MetsDavid Wright
34%
2,306PhilliesJimmy Rollins
33%
1,480RaysCarl Crawford
24%
3,012CubsCap Anson
23%
2,230RangersMichael Young
21%
2,368AngelsGarret Anderson
19%
2,046Guardians/IndiansNap Lajoie
19%
2,749White SoxLuke Appling
14%
2,889Twins/SenatorsSam Rice
12%
1,583Blue JaysTony Fernandez
11%
2,804DodgersZack Wheat
11%
1,273MarlinsLuis Castillo
9%
1,882AthleticsBert Campaneris
7%

Score Distribution

Percentile by Number Answered

Percent of People with Each Score

Your Score History

You have not taken this quiz since the last reset